| 000 | 00775cam a2200217 4500 | ||
|---|---|---|---|
| 001 | J100354 | ||
| 008 | 000000n2000 000 0 eng u | ||
| 035 | _a(Sirsi) u100354 | ||
| 041 | _aeng | ||
| 050 | _a331.204172 | ||
| 110 |
_aRoyal Institute of British Architects _92527 |
||
| 245 | _aRIBA Forms for the Appointment of an Architect (SFA/99 and CE/99). Employer's requirements : amendment for procurement of employer's requirements for a design and build contract. Amendment DB1/99. - Updated February 2000 | ||
| 260 |
_aLondon _bRIBA Publications _c2000 |
||
| 300 | _a(6)p. ; 30cm. | ||
| 350 | _a2.50 | ||
| 650 | _aARCHITECTS | ||
| 650 | _aEMPLOYERS | ||
| 650 | _aDESIGN AND BUILD CONTRACTS | ||
| 690 | _aBUILT ENVIRONMENT-BUILDING CONTRACT FORMS | ||
| 942 | _n0 | ||
| 999 |
_c99686 _d99686 |
||